Datum a čas kvízu
32.5
Celkem bodů
Celkový počet nahraných bodů na tomto kvízu bez doplňovacích otázek.
3.
Pořadí na kvízu
Konečné umístění týmu na tomto kvízu.
Zaznamenané odpovědi
| # | Otázka | Odpověď | Body | Výsledky |
|---|---|---|---|---|
| 1. | Při úřadu vlády vznikne komise... | Ďáblický hřbitov | 0 | |
| 2. | Tým botaniků objevil dva zcela... | B | 1 | |
| 3. | Agáta Prachařová povila minulý... | Rozárie | 1 | |
| 4. | Ve které zemi byl minulý týden... | ve Finsku | 0 | |
| 5. | V úterý bylo pro veřejnost odt... | Srdce do hry | 0 | |
| 6. | Pokračujeme představováním fil... | Krakov | 1 | |
| 7. | Sedmý film žebříčku byl natoče... | Mario Puzo, Corleone | 0 | |
| 8. | Jak se jmenuje původem český h... | Jiří Voskovec | 0 | |
| 9. | Jediný francouzský film a prvn... | Nedotknutelní | 1 | |
| 10. | Napište název sbírky povídek s... | Hovno hoří | 0 |